00000000cam 2200000zi 4500
0019.962778
003CaOODSP
00520260514073715
006m     o  d f      
007cr mn|||||||||
008260514s1984    nkca    ob   f000 0 eng d
040 |aCaOODSP|beng|erda|cCaOODSP
043 |an-cn-nk
0861 |aJS4-1/1984-76E-PDF
1001 |aLerette, Peter, |eauthor.
24510|aStudy on the Restigouche family crisis interveners program / |cPeter Lerette.
264 1|aCampbellton, New Brunswick : |bMinistry of the Solicitor General of Canada, Secretariat, Programs Branch, |c1984.
300 |a1 online resource (1 volume (various pagings)) : |billustrations.
336 |atext|btxt|2rdacontent
337 |acomputer|bc|2rdamedia
338 |aonline resource|bcr|2rdacarrier
4901 |aPrograms Branch user report ; |vno. 1984-76
500 |aDigitized edition from print [produced by Public Safety Canada].
500 |aIssued also in French under title: Une étude sur le Programme d'intervention pour crises familiales de Restigouche.
500 |a"This working paper was prepared under contract for the Research Division and is made available as submitted to the Ministry. The views expressed are those of the author and are not necessarily those of the Ministry of the Solicitor General of Canada."
504 |aIncludes bibliographical references (page 54).
520 |a"This document comprises observations and data gathered over a two year period on the operations and progress of the Restigouche Family Crisis Interveners Project. The intent is to provide those interested with a package of information that may be of some direct use in the process of implementing a similar project in their locality. Every attempt has been made to insure that this document does not over burden the reader with a technical presentation of research findings. However, for those interested in such a presentation a research-oriented Technical Report is appended as Part II of this report"--Page 1.
650 0|aFamily services|zNew Brunswick|zRestigouche.
650 0|aCrisis intervention (Mental health services)|zNew Brunswick|zRestigouche.
7101 |aCanada. |bSolicitor General Canada. |bPrograms Branch, |eissuing body.
77508|tUne étude sur le programme d'intervention pour crises familiales de Restigouche / |w(CaOODSP)9.962779
830#0|aUser report (Canada. Solicitor General Canada)|vno. 1984-76.|w(CaOODSP)9.808480
85640|qPDF|s1.12 MB|uhttps://publications.gc.ca/collections/collection_2026/sp-ps/js4-1/JS4-1-1984-76-eng.pdf